000 00323nam a22001337a 4500
008 171016b xxu||||| |||| 00| 0 eng d
020 _a9780131440920
041 _aeng
080 _23RD
_a331.101.262
100 _a52
101 _aBNJ
245 _aA FRAMEWORK FOR HUMAN RESOURCE MANAGEMENT
_cDESSLER,G
942 _2udc
_cBK
999 _c34223
_d34223